Ignacio y Estela /

Fotos emblemáticas del periodismo gráfico argentino de los últimos 35 años cuentan la historia de la Argentina reciente. La serie se sumerge en los archivos fotográficos y se acerca a los hechos desde imágenes que condensan simbólicamente mucho más que lo fotografiado. Se trata de una mirada que, ad...

Descripción completa

Guardado en:
Autor Principal: Avruj, Nicolás.
Autor Corporativo: Canal Encuentro.
Formato: Deslizar
Publicado: Argentina, 2013
Series:Fotos. Retrato de un país
Materias:
Etiquetas: Agregar Etiqueta
Sin Etiquetas, Sea el primero en etiquetar este registro!
LEADER 02544ngm a22003855g 4500
001 CEM.cems023920
008 130507s2013##################0###0#####d
005 20250716151218.0
245 1 0 |a Ignacio y Estela /  |c Nicolás Avruj, Fernando Zuber y Diego Lerman. 
260 |a Argentina,  |c 2013 
300 |a 28'. 
490 0 |a Fotos. Retrato de un país 
538 |a Soporte: DVD - Formato: AVI - Resolución: 720 x 540 - Grabación DRD 
520 |a Fotos emblemáticas del periodismo gráfico argentino de los últimos 35 años cuentan la historia de la Argentina reciente. La serie se sumerge en los archivos fotográficos y se acerca a los hechos desde imágenes que condensan simbólicamente mucho más que lo fotografiado. Se trata de una mirada que, además de detenerse en lo estético, se plantea un relato fotográfico de la historia. -- El 15 de agosto de 2014 fue un día histórico para la sociedad argentina, en especial para Estela de Carlotto, quien recuperó a Guido, desaparecido en la última dictadura militar. Hoy se cumple un año de la aparición del nieto de la presidenta de Abuelas de Plaza de Mayo, luego de 36 años de búsqueda. Guido era el nombre que le puso su madre, Laura, quien lo dio a luz mientras estaba en cautiverio en el centro clandestino "La Cacha" y luego fue asesinada. Era una estudiante de Historia que militaba en la Juventud Universitaria Peronista y su secuestro estuvo precedido por el de su padre en agosto de ese mismo año. Estela pagó 45 millones de pesos para su liberación. Guido nació el 26 de junio de 1978 en el Hospital Militar y fue bautizado con el mismo nombre que su abuelo. Laura Carlotto fue asesinada el 25 de agosto de 1978 y nunca más se supo nada de su hijo, hasta el año 2014 cuando el joven se presentó voluntariamente en la sede de Abuelas ante la sospecha sobre su identidad. 
500 |a Consultar en ventanilla. 
100 1 |a Avruj, Nicolás. 
710 2 |a Canal Encuentro. 
082 9 8 |/ AVR-2 
653 |a HISTORIA 
653 |a HISTORIA ARGENTINA 
653 |a FOTOS 
653 |a FOTOGRAFIA 
653 |a FOTOGRAFIA ARGENTINA 
653 |a DESAPARECIDOS 
653 |a DERECHOS HUMANOS 
653 |a CARLOTTO 
653 |a ESTELA CARLOTTO 
653 |a ABUELAS DE PLAZA DE MAYO 
653 |a IDENTIDAD 
653 |a DICTADURA 
653 |a DICTADURA MILITAR 
653 |a MEMORIA 
653 |a RECUPERACION DE LA IDENTIDAD 
653 |a SERIE DE TELEVISIÓN 
859 |a CEMS  |b BIB. CEMS - Depto. Recursos Didacticos  |h 982  |i AVR-2  |k DRD  |p 2563.15  |t Ej.1